Statistics for Match The Album (Taylor Swift)

Click here to take the quiz!

General Stats

  • This quiz has been taken 23 times
  • The average score is 10 of 10

Answer Stats

HintAnswer% Correct
1989
100%
LovEr
100%
FearLess
100%
FolkLore
100%
EverMore
100%
MidNights
100%
TaylorSwift
100%
Reputation
100%
REd
94%
SpeakNow
88%

Score Distribution

Percentile by Number Answered

Percent of People with Each Score

Your Score History

You have not taken this quiz